[Event "Bad Woerishofen op"]
[Site "?"]
[Date "2003.??.??"]
[Round "9"]
[White "Kauch, Markus"]
[Black "Henrichs, Thomas"]
[Result "1/2-1/2"]
[WhiteElo "2263"]
[BlackElo "2438"]
[Annotator "ChessOrg"]
[PlyCount "84"]

1. Nf3 d5 2. g3 Bg4 3. Bg2 Nd7 4. d3 Ngf6 5. Nbd2 e5 6. O-O Bc5 7. e4 dxe4 8.
dxe4 O-O 9. h3 Bh5 10. a4 a5 11. Qe1 Re8 12. Nc4 Bb4 13. Bd2 Bxd2 14. Nfxd2 Nc5
15. Qe3 b6 16. g4 Bg6 17. Rfd1 Qe7 18. f3 Nfd7 19. Nf1 Ne6 20. Ng3 Nf4 21. Ne2
Nxe2+ 22. Qxe2 Nc5 23. Ne3 f6 24. Qf2 Bf7 25. Bf1 Red8 26. b3 Rxd1 27. Rxd1 Rd8
28. Rxd8+ Qxd8 29. Bc4 Bxc4 30. Nxc4 Qd1+ 31. Kh2 Ne6 32. Ne3 Qd4 33. Kg3 Nf4
34. h4 Kf7 35. h5 g6 36. hxg6+ hxg6 37. Ng2 Qxf2+ 38. Kxf2 Nxg2 39. Kxg2 Ke6
40. Kf2 Kd6 41. g5 fxg5 42. Kg3 Ke6 1/2-1/2

[Event "Bad Woerishofen op"]
[Site "?"]
[Date "2003.??.??"]
[Round "9"]
[White "Sprenger, Jan"]
[Black "Poulsen, Martin"]
[Result "1-0"]
[WhiteElo "2431"]
[BlackElo "2244"]
[Annotator "ChessOrg"]
[PlyCount "63"]

1. e4 e5 2. Nf3 Nf6 3. Nxe5 d6 4. Nf3 Nxe4 5. d4 d5 6. Bd3 Bd6 7. O-O O-O 8. c4
c6 9. Nc3 Nxc3 10. bxc3 dxc4 11. Bxc4 Bg4 12. h3 Bh5 13. Re1 Nd7 14. Bb3 b5 15.
g4 Bg6 16. Bg5 Qc7 17. Nh4 c5 18. Nxg6 hxg6 19. Qf3 c4 20. Bc2 b4 21. h4 bxc3
22. h5 Nb6 23. Qh3 gxh5 24. gxh5 f6 25. Qf5 fxg5 26. Qh7+ Kf7 27. Qg6+ Kg8 28.
Qh7+ Kf7 29. Bg6+ Kf6 30. Be8 Bh2+ 31. Kf1 Raxe8 32. Qg6# 1-0

[Event "Bad Woerishofen op"]
[Site "?"]
[Date "2003.??.??"]
[Round "9"]
[White "Heika, Martin"]
[Black "Poettinger, Harald"]
[Result "1-0"]
[WhiteElo "2355"]
[BlackElo "2230"]
[Annotator "ChessOrg"]
[PlyCount "175"]

1. e4 e5 2. Nf3 d6 3. d4 exd4 4. Nxd4 Nf6 5. Nc3 Be7 6. Be2 O-O 7. O-O c5 8.
Nf3 Nc6 9. Bf4 Be6 10. Qd2 d5 11. e5 Ne4 12. Qe3 Nxc3 13. Qxc3 Qb6 14. Qd2 Qxb2
15. Rfb1 Qa3 16. Rb3 Qa5 17. Rxb7 Qxd2 18. Bxd2 Rab8 19. Rab1 Rxb7 20. Rxb7 Rb8
21. Rxb8+ Nxb8 22. Bb5 Nd7 23. Ba5 g5 24. Bc7 Kg7 25. Nd2 Nb6 26. Bb8 Nd7 27.
Bxa7 Nxe5 28. a4 c4 29. a5 Bb4 30. a6 Bxd2 31. Bd4 Bc8 32. Bxe5+ f6 33. Bd4 Bf4
34. g3 Be5 35. Bc5 Kg6 36. f3 h5 37. Kf2 f5 38. h3 Kf6 39. g4 hxg4 40. hxg4 f4
41. Ke2 Bc3 42. Kd1 Ke6 43. Kc1 Bf6 44. Kb1 Be7 45. Bb6 Bb4 46. Kb2 Ke7 47. Bc7
Kf6 48. Bd8+ Kg6 49. Kb1 Kh6 50. Ka2 Kg6 51. Kb2 Kh6 52. Bf6 Kg6 53. Bd4 Kf7
54. Bb6 Kg6 55. Bd8 Kh6 56. Bc6 Bxa6 57. Bxd5 Bb5 58. Be4 Ba4 59. Bf6 Bb5 60.
Bc3 Bc5 61. Ba5 Bd4+ 62. Ka3 Bc5+ 63. Bb4 Bd4 64. Bf8+ Bg7 65. Bd6 Bc3 66. Be7
Be8 67. Bf8+ Bg7 68. Bxg7+ Kxg7 69. Kb4 Bf7 70. Kc5 Kf6 71. Bd5 Bg6 72. c3 Ke5
73. Kxc4 Bb1 74. Kc5 Bd3 75. c4 Be2 76. Be4 Bd1 77. Kb6 Kd4 78. c5 Ke3 79. c6
Bxf3 80. Bxf3 Kxf3 81. c7 Kxg4 82. c8=Q+ Kg3 83. Qf5 g4 84. Kc5 Kf3 85. Kd4 g3
86. Qh3 Kf2 87. Ke4 f3 88. Qh5 1-0

[Event "Bad Woerishofen op"]
[Site "?"]
[Date "2003.??.??"]
[Round "9"]
[White "Hermann, Manfred"]
[Black "Peschlow, Patrick"]
[Result "1/2-1/2"]
[WhiteElo "2341"]
[BlackElo "2228"]
[Annotator "ChessOrg"]
[PlyCount "33"]

1. e4 c5 2. c3 d5 3. exd5 Qxd5 4. d4 g6 5. dxc5 Qxc5 6. Be3 Qc7 7. Na3 Nc6 8.
Nb5 Qb8 9. Nf3 Bg7 10. Qd2 Bg4 11. O-O-O Bxf3 12. Qd7+ Kf8 13. gxf3 Nf6 14. Qd2
a6 15. Nd4 Nxd4 16. Bxd4 Qc7 17. Be2 1/2-1/2

[Event "Bad Woerishofen op"]
[Site "?"]
[Date "2003.??.??"]
[Round "9"]
[White "Schuette, Marc"]
[Black "Lieb, Harald"]
[Result "0-1"]
[WhiteElo "2232"]
[BlackElo "2336"]
[Annotator "ChessOrg"]
[PlyCount "116"]

1. e4 e6 2. d4 d5 3. Nd2 Nf6 4. e5 Nfd7 5. f4 c5 6. c3 Nc6 7. Ndf3 Qb6 8. g3
cxd4 9. cxd4 Bb4+ 10. Kf2 f6 11. Kg2 O-O 12. Bd3 Rf7 13. h4 Nf8 14. a3 Be7 15.
b4 Bd7 16. Rb1 Rc8 17. Bd2 a6 18. Rh2 Qd8 19. a4 a5 20. b5 Nb4 21. Bxb4 Bxb4
22. exf6 gxf6 23. h5 Rc3 24. Ne2 Rc8 25. Qb3 Be8 26. Rbh1 Rfc7 27. Rh4 Kh8 28.
Bb1 Rg7 29. Qe3 Qe7 30. Kf2 Nd7 31. Rc1 Rxc1 32. Nxc1 Nb6 33. Bc2 Nc4 34. Qe2
Nd6 35. Rh1 f5 36. Ne5 Ba3 37. Nb3 Qc7 38. h6 Rg8 39. Nf3 Ne4+ 40. Bxe4 dxe4
41. Ng5 Qc3 42. Qa2 Rxg5 43. fxg5 Qf3+ 44. Kg1 Qxg3+ 45. Kf1 Qf3+ 46. Kg1 Bd6
47. Nd2 Qe3+ 48. Kf1 Qd3+ 49. Kg1 Qxd4+ 50. Kg2 Qd3 51. Qb2+ e5 52. Rc1 Qe2+
53. Kg1 Qe3+ 54. Kf1 Qh3+ 55. Ke1 f4 56. Qb3 e3 57. Nf1 Bh5 58. Nxe3 fxe3 0-1

[Event "Bad Woerishofen op"]
[Site "?"]
[Date "2003.??.??"]
[Round "9"]
[White "Kugelmann, Joachim"]
[Black "Werner, Clemens"]
[Result "0-1"]
[WhiteElo "1922"]
[BlackElo "2334"]
[Annotator "ChessOrg"]
[PlyCount "70"]

1. e4 c6 2. d4 d5 3. Nc3 dxe4 4. Nxe4 Nf6 5. Nxf6+ exf6 6. Be2 Bd6 7. Bf3 O-O
8. Ne2 Re8 9. O-O Qc7 10. h3 Be6 11. b3 Nd7 12. c4 c5 13. Be3 Rad8 14. Nc3 Qa5
15. Nd5 cxd4 16. Qxd4 Be5 17. Qxa7 Qxa7 18. Bxa7 Bxa1 19. Rxa1 Ne5 20. Be2 Bxd5
21. cxd5 Rxd5 22. a4 Rd2 23. Kf1 Rb2 24. Bb5 Ra8 25. Rc1 h6 26. Bb6 Rxb3 27.
Rc7 Rxa4 28. Bxa4 Rxb6 29. Rc8+ Kh7 30. Bc2+ g6 31. f4 Rc6 32. Rb8 Rxc2 33.
Rxb7 Nd3 34. Rxf7+ Kg8 35. Rxf6 Kg7 0-1

[Event "Bad Woerishofen op"]
[Site "?"]
[Date "2003.??.??"]
[Round "9"]
[White "Sailer, Wolfgang"]
[Black "Thiel, Thomas"]
[Result "1/2-1/2"]
[WhiteElo "2182"]
[BlackElo "2309"]
[Annotator "ChessOrg"]
[PlyCount "29"]

1. d4 Nf6 2. Nf3 g6 3. c4 Bg7 4. Nc3 d5 5. Bf4 c5 6. dxc5 Qa5 7. e3 dxc4 8.
Bxc4 O-O 9. Rc1 Qxc5 10. Bb3 Qa5 11. O-O Na6 12. Qd2 Nb4 13. e4 Nc6 14. h3 Rd8
15. Qe3 1/2-1/2

[Event "Bad Woerishofen op"]
[Site "?"]
[Date "2003.??.??"]
[Round "9"]
[White "Schiffer, Steve"]
[Black "Fischer, Johann"]
[Result "1-0"]
[WhiteElo "2171"]
[BlackElo "2306"]
[Annotator "ChessOrg"]
[PlyCount "83"]

1. e4 e5 2. Nf3 Nc6 3. Bb5 a6 4. Ba4 d6 5. O-O Bd7 6. c3 Nf6 7. Re1 Be7 8. d3
O-O 9. Nbd2 Ne8 10. Nf1 b5 11. Bc2 Bf6 12. Ne3 g6 13. Nd5 Bg7 14. h3 Ne7 15. d4
c6 16. Nxe7+ Qxe7 17. dxe5 dxe5 18. Bg5 f6 19. Be3 Nc7 20. Bc5 Qxc5 21. Qxd7
Rac8 22. Red1 Kh8 23. Rd6 Na8 24. Rad1 Rc7 25. Qe6 Nb6 26. Bb3 Rcc8 27. Ne1 Nc4
28. Bxc4 bxc4 29. Nc2 Rfe8 30. Qd7 Qb5 31. Nb4 a5 32. a4 Qb8 33. Nxc6 Qxb2 34.
Na7 Rb8 35. Nb5 Qc2 36. Nc7 Rg8 37. Ne6 Qxe4 38. Qf7 Rb7 39. Rd7 Rxd7 40. Rxd7
Qe1+ 41. Kh2 Qxf2 42. Rd8 1-0

[Event "Bad Woerishofen op"]
[Site "?"]
[Date "2003.??.??"]
[Round "9"]
[White "Pitl, Gregory"]
[Black "Wittfoth, Kai-Uwe"]
[Result "1-0"]
[WhiteElo "2280"]
[BlackElo "2175"]
[Annotator "ChessOrg"]
[PlyCount "91"]

1. e4 c6 2. d4 d5 3. e5 Bf5 4. Be3 e6 5. Nd2 Ne7 6. c3 Nd7 7. f4 h6 8. Be2 Qc7
9. Ngf3 Bg4 10. O-O g6 11. Bf2 Nf5 12. Rc1 Be7 13. h3 Bxf3 14. Nxf3 h5 15. g3
Nb6 16. a4 a5 17. Qb3 Rd8 18. Kg2 Kf8 19. g4 Ng7 20. Rfd1 Rd7 21. Qa2 Qd8 22.
Be3 Qe8 23. Rb1 Rd8 24. b4 axb4 25. cxb4 Ra8 26. a5 hxg4 27. hxg4 f6 28. Qc2
Nd7 29. Rdc1 f5 30. g5 Nb8 31. Bd2 Nh5 32. Qc3 Qd8 33. b5 Ra7 34. Rc2 Kf7 35.
bxc6 bxc6 36. Rcb2 Qc7 37. Rb6 c5 38. dxc5 Bxc5 39. Rxb8 Rxb8 40. Rxb8 Qxb8 41.
Qxc5 Re7 42. a6 Qb2 43. Kf2 Ng7 44. Bb4 Re8 45. a7 Nh5 46. Qc7+ 1-0

[Event "Bad Woerishofen op"]
[Site "?"]
[Date "2003.??.??"]
[Round "9"]
[White "Hillenbrand, Alexander"]
[Black "Kunz, Konstantin"]
[Result "1-0"]
[WhiteElo "2155"]
[BlackElo "2236"]
[Annotator "ChessOrg"]
[PlyCount "63"]

1. e4 c5 2. Nf3 e6 3. d4 cxd4 4. Nxd4 a6 5. Nc3 b5 6. a3 Bb7 7. Bd3 Qb6 8. Nb3
Qc7 9. O-O Nf6 10. Bg5 Bd6 11. f4 h6 12. Bxf6 gxf6 13. e5 Bc5+ 14. Nxc5 Qxc5+
15. Kh1 f5 16. Be2 Nc6 17. Bf3 O-O-O 18. Qe1 d5 19. b4 Qb6 20. a4 Kc7 21. axb5
axb5 22. Qe2 Nd4 23. Qd3 Ra8 24. Qxd4 Bc6 25. Qxb6+ Kxb6 26. Ne2 Ra4 27. Rxa4
bxa4 28. Ra1 Ra8 29. Nd4 Bb5 30. Ra3 Bd7 31. Kg1 Rc8 32. c3 1-0

[Event "Bad Woerishofen op"]
[Site "?"]
[Date "2003.??.??"]
[Round "9"]
[White "Keller, Manfred"]
[Black "Hajenius, Willem"]
[Result "1-0"]
[WhiteElo "2214"]
[BlackElo "2017"]
[Annotator "ChessOrg"]
[PlyCount "49"]

1. e4 c5 2. Nf3 Nf6 3. e5 Nd5 4. c3 Nc6 5. d4 cxd4 6. Bc4 Nb6 7. Bb3 e6 8. cxd4
Be7 9. O-O d6 10. Qe2 dxe5 11. dxe5 Bd7 12. Nc3 O-O 13. Qe4 Nb4 14. Qg4 f5 15.
exf6 Rxf6 16. Ne5 N4d5 17. Nxd5 exd5 18. Nxd7 Nxd7 19. Bxd5+ Kh8 20. Bxb7 Rb8
21. Be4 Ne5 22. Qh5 Ng6 23. Bg5 Qa5 24. Qg4 Ne5 25. Qg3 1-0

[Event "Bad Woerishofen op"]
[Site "?"]
[Date "2003.??.??"]
[Round "9"]
[White "Woerl, Richard"]
[Black "Bjarnason, Oskar"]
[Result "1/2-1/2"]
[WhiteElo "2087"]
[BlackElo "2195"]
[Annotator "ChessOrg"]
[PlyCount "116"]

1. e4 d5 2. exd5 Qxd5 3. d4 Nc6 4. Nf3 Bg4 5. Be2 O-O-O 6. c4 Qf5 7. d5 e6 8.
Nc3 Nf6 9. Qa4 exd5 10. cxd5 Bxf3 11. Bxf3 Ne5 12. Be2 a6 13. Qd4 Nc6 14. Qa4
Nb4 15. O-O Nbxd5 16. Rd1 Bc5 17. Bf3 Nxc3 18. bxc3 Rxd1+ 19. Qxd1 Rd8 20. Qe2
Qd3 21. Qxd3 Rxd3 22. Rb1 c6 23. Bf4 Bd6 24. Be2 Rd5 25. c4 Rd4 26. Be3 Re4 27.
Rd1 Bc7 28. Bd3 Re8 29. g4 Ne4 30. Re1 g6 31. Bd4 Nd6 32. Rd1 Rd8 33. Bf6 Rd7
34. Re1 Bd8 35. Bb2 Re7 36. Rd1 Rd7 37. f4 Nxc4 38. Bc1 Bb6+ 39. Kg2 Be3 40.
Bxc4 Rxd1 41. Bxe3 Rd7 42. f5 Kc7 43. Kf3 b5 44. Bb3 Kd6 45. Kf4 c5 46. h4 c4
47. Bc2 b4 48. h5 gxh5 49. g5 h4 50. Kg4 Rb7 51. Kxh4 b3 52. axb3 cxb3 53. Bb1
Ke5 54. f6 b2 55. Bf2 Rb4+ 56. Kh5 Rb3 57. Kg4 Ra3 58. Bg3+ Kd5 1/2-1/2

[Event "Bad Woerishofen op"]
[Site "?"]
[Date "2003.??.??"]
[Round "9"]
[White "Walton, Alan"]
[Black "Schaefer, Michael"]
[Result "0-1"]
[WhiteElo "2144"]
[BlackElo "2186"]
[Annotator "ChessOrg"]
[PlyCount "88"]

1. d4 Nf6 2. Bg5 d5 3. Bxf6 exf6 4. e3 Be6 5. g3 c6 6. Bg2 Bd6 7. Ne2 Nd7 8.
Nd2 f5 9. b3 Nf6 10. c4 Ne4 11. c5 Bc7 12. b4 g6 13. Qb3 Kf8 14. a4 Kg7 15. f3
Nf6 16. Kf2 g5 17. Rag1 Qe7 18. Qd3 Rae8 19. Nc3 Bc8 20. Re1 Bb8 21. Rhf1 h5
22. e4 fxe4 23. Qe3 Kf8 24. Kg1 exf3 25. Qxf3 Qxe1 26. Rxe1 Rxe1+ 27. Nf1 Kg7
28. Qd3 Rhe8 29. Qd2 Nh7 30. b5 Bc7 31. Nd1 Bf5 32. Nf2 R8e2 33. Qc3 g4 34. a5
Rb1 35. b6 axb6 36. cxb6 Bd8 37. Nd3 Ng5 38. Nf4 Ree1 39. a6 Bxb6 40. axb7 Ba7
41. b8=Q Bxb8 42. Qxc6 Bxf4 43. gxf4 Nf3+ 44. Kh1 Be4 0-1

[Event "Bad Woerishofen op"]
[Site "?"]
[Date "2003.??.??"]
[Round "9"]
[White "Maugg, Ludwig"]
[Black "Huhndorf, Arnold"]
[Result "0-1"]
[WhiteElo "2136"]
[BlackElo "2221"]
[Annotator "ChessOrg"]
[PlyCount "72"]

1. d4 Nf6 2. c4 c5 3. d5 e6 4. Nc3 exd5 5. cxd5 d6 6. e4 g6 7. h3 Bg7 8. Nf3
O-O 9. Bd3 Re8 10. O-O c4 11. Bc2 b5 12. a3 a6 13. Bf4 Bb7 14. Re1 Qb6 15. Qd2
Nbd7 16. Rad1 Rad8 17. Be3 Qc7 18. Bd4 Nc5 19. Qg5 Nfd7 20. Bxg7 Kxg7 21. Nd4
f6 22. Qh4 Ne5 23. Re3 Bc8 24. Rg3 Ncd3 25. Bxd3 Nxd3 26. Rd2 Qb6 27. Nf5+ Bxf5
28. exf5 Re1+ 29. Kh2 Rde8 30. fxg6 hxg6 31. Nd1 R8e4 32. Rg4 Qd4 33. Ne3 Qe5+
34. g3 R4xe3 35. fxe3 Qxe3 36. Rg2 Nf2 0-1

[Event "Bad Woerishofen op"]
[Site "?"]
[Date "2003.??.??"]
[Round "9"]
[White "Ballon, Guenter-Jan"]
[Black "Deues, Erik"]
[Result "1/2-1/2"]
[WhiteElo "2219"]
[BlackElo "2100"]
[Annotator "ChessOrg"]
[PlyCount "67"]

1. d4 Nf6 2. c4 c5 3. d5 e6 4. Nc3 exd5 5. cxd5 d6 6. e4 g6 7. f3 Bg7 8. Bg5
O-O 9. Qd2 Re8 10. Nge2 Nbd7 11. Nc1 a6 12. a4 Rb8 13. Be2 Qc7 14. O-O c4 15.
Rb1 b5 16. axb5 axb5 17. b4 Ne5 18. Be3 Bd7 19. N1a2 Ra8 20. Rfc1 Reb8 21. Nd1
Qd8 22. Nac3 Qf8 23. Ra1 h6 24. Qb2 g5 25. Rxa8 Rxa8 26. Ra1 Nh5 27. Rxa8 Qxa8
28. Qa2 Qxa2 29. Nxa2 Nf4 30. Kf1 Ned3 31. Bxd3 Nxd3 32. g4 Be5 33. h3 Kf8 34.
Nf2 1/2-1/2

[Event "Bad Woerishofen op"]
[Site "?"]
[Date "2003.??.??"]
[Round "9"]
[White "Tscharotschkin, Michael"]
[Black "Pohl, Walter"]
[Result "1/2-1/2"]
[WhiteElo "2214"]
[BlackElo "2121"]
[Annotator "ChessOrg"]
[PlyCount "95"]

1. e4 c5 2. c3 d5 3. exd5 Qxd5 4. d4 e5 5. dxe5 Qxd1+ 6. Kxd1 Nc6 7. Bf4 Bg4+
8. Be2 O-O-O+ 9. Nd2 Bf5 10. Ngf3 f6 11. h3 g5 12. Be3 h6 13. g4 Bg6 14. exf6
Nxf6 15. Bb5 Bd6 16. Ke2 Rhe8 17. Rhe1 Nd5 18. Kf1 Nxe3+ 19. Rxe3 Bf4 20. Rxe8
Rxe8 21. Nb3 Bd6 22. Nfd2 Kc7 23. Re1 Rxe1+ 24. Kxe1 a6 25. Be2 b5 26. Nf3 Kb6
27. h4 Bf4 28. hxg5 hxg5 29. Ng1 Be5 30. Nh3 Bf6 31. f4 gxf4 32. Nxf4 Bf7 33.
Kd1 a5 34. Nc1 b4 35. Kc2 a4 36. Bf3 a3 37. Bd5 axb2 38. Nce2 Be8 39. Kxb2 Ne5
40. Be6 Bc6 41. Kb3 Ka5 42. cxb4+ cxb4 43. Kc2 Bf3 44. Nd4 Bxg4 45. Nd5 Bxe6
46. Nxe6 Bh4 47. Nd4 Bf2 48. Nb3+ 1/2-1/2

[Event "Bad Woerishofen op"]
[Site "?"]
[Date "2003.??.??"]
[Round "9"]
[White "Babar, Michael"]
[Black "Grosser, Walter"]
[Result "1-0"]
[WhiteElo "2187"]
[BlackElo "2096"]
[Annotator "ChessOrg"]
[PlyCount "73"]

1. e4 c5 2. Nf3 a6 3. c3 g6 4. d4 cxd4 5. cxd4 Bg7 6. Be3 Nf6 7. Nc3 d5 8. e5
Ne4 9. Nxe4 dxe4 10. Ng5 Qa5+ 11. Bd2 Qd5 12. Qc2 Nc6 13. Bc4 Nxd4 14. Qc1 Qxe5
15. Nxf7 Qh5 16. Nxh8 b5 17. Be3 bxc4 18. Bxd4 Bxd4 19. Qxc4 Qa5+ 20. b4 Bxf2+
21. Kxf2 Qb6+ 22. Qc5 Qf6+ 23. Ke3 Bf5 24. Rhc1 Rd8 25. Qc6+ Qxc6 26. Rxc6 g5
27. Rxa6 Rd3+ 28. Kf2 Rd2+ 29. Ke3 Rd3+ 30. Ke2 Bg4+ 31. Kf1 e3 32. Re1 Kf8 33.
b5 Kg7 34. b6 Be6 35. b7 Bc4 36. Rc6 Bb5 37. b8=Q 1-0

[Event "Bad Woerishofen op"]
[Site "?"]
[Date "2003.??.??"]
[Round "9"]
[White "Schenk, Uwe"]
[Black "Daeubler, Heinrich"]
[Result "1-0"]
[WhiteElo "2116"]
[BlackElo "2180"]
[Annotator "ChessOrg"]
[PlyCount "87"]

1. Nf3 d5 2. d4 c6 3. c4 e6 4. Qc2 Nf6 5. Bg5 h6 6. Bh4 dxc4 7. Qxc4 b5 8. Qc2
Bb7 9. e3 Nbd7 10. Bd3 a6 11. Qe2 c5 12. e4 cxd4 13. e5 Bxf3 14. gxf3 Qa5+ 15.
Nd2 Nd5 16. O-O g5 17. Bg3 Nc5 18. Nb3 Qb6 19. Nxc5 Bxc5 20. a3 Rd8 21. Rfc1
Kd7 22. Rc2 Rc8 23. Rac1 Be7 24. Qe4 h5 25. h3 h4 26. Bh2 Rxc2 27. Rxc2 Rc8 28.
Rxc8 Kxc8 29. Kg2 Qc6 30. Qxd4 Qc5 31. Qg4 Qc1 32. Be4 Nb6 33. Qh5 Qd2 34. Qxf7
Qd7 35. f4 Nc4 36. f5 Nxb2 37. f6 Bxa3 38. Qg8+ Kc7 39. f7 Qd8 40. f8=Q Qxf8
41. Qxe6 Bc5 42. Qc6+ Kd8 43. Bf3 Nc4 44. e6 1-0

[Event "Bad Woerishofen op"]
[Site "?"]
[Date "2003.??.??"]
[Round "9"]
[White "Roesner, Harald"]
[Black "Wiedermann, Franz"]
[Result "0-1"]
[WhiteElo "2000"]
[BlackElo "2130"]
[Annotator "ChessOrg"]
[PlyCount "120"]

1. d4 f5 2. Nf3 g6 3. g3 Nf6 4. Bg2 Bg7 5. O-O O-O 6. c4 d6 7. Nc3 Qe8 8. d5 c6
9. Nd4 cxd5 10. cxd5 Na6 11. a4 Qf7 12. Bg5 Nc5 13. Rc1 Nfe4 14. Nxe4 Nxe4 15.
Ne6 Bxe6 16. dxe6 Qxe6 17. Rc7 Bf6 18. Bxf6 Rxf6 19. Rxb7 Kf8 20. Qd4 a5 21.
Rc1 Rc8 22. Rcc7 Nc5 23. Rxc8+ Qxc8 24. Ra7 Ne4 25. Bxe4 fxe4 26. Qxe4 Re6 27.
Qf3+ Kg7 28. Rxa5 Qc1+ 29. Kg2 Qxb2 30. Ra7 Qxe2 31. Qxe2 Rxe2 32. Kf1 Re5 33.
f4 Re4 34. Kf2 Kf6 35. Kf3 Rb4 36. h4 h5 37. a5 Ra4 38. a6 d5 39. Ke3 Ke6 40.
Kf3 Ra3+ 41. Kf2 d4 42. Ra8 Kd5 43. Re8 Rxa6 44. Rxe7 Kc4 45. Rc7+ Kd3 46. Rb7
Re6 47. Ra7 Kc2 48. Ra2+ Kb3 49. Ra8 d3 50. Rc8 d2 51. Rb8+ Kc2 52. Rc8+ Kd1
53. Rc5 Re2+ 54. Kf1 Re3 55. Kf2 Rb3 56. Rc6 Rb2 57. Rc8 Rc2 58. Ra8 Rc3 59.
Rd8 Kc1 60. Ke2 Rc2 0-1

[Event "Bad Woerishofen op"]
[Site "?"]
[Date "2003.??.??"]
[Round "9"]
[White "Neubauer, Ralf"]
[Black "Maahs, Erich"]
[Result "0-1"]
[WhiteElo "2056"]
[BlackElo "2180"]
[Annotator "ChessOrg"]
[PlyCount "62"]

1. d4 d5 2. Bf4 c5 3. e3 Nc6 4. c3 Nf6 5. Nf3 Qb6 6. Qc1 Bg4 7. Nbd2 e6 8. Bd3
Rc8 9. h3 Bh5 10. O-O Be7 11. Ne5 Nxe5 12. dxe5 Nd7 13. c4 O-O 14. g4 Bg6 15.
Bxg6 fxg6 16. Bg3 g5 17. f4 gxf4 18. exf4 Rf7 19. cxd5 exd5 20. f5 c4+ 21. Bf2
Nc5 22. Nf3 Qc7 23. Bxc5 Qxc5+ 24. Kg2 d4 25. Qf4 d3 26. Nd4 Qd5+ 27. Rf3 g5
28. Qe3 Bc5 29. Qxg5+ Rg7 30. Qh6 Bxd4 31. e6 Rf8 0-1

[Event "Bad Woerishofen op"]
[Site "?"]
[Date "2003.??.??"]
[Round "9"]
[White "Eschle, Hubert"]
[Black "Magar, Johannes"]
[Result "1-0"]
[WhiteElo "1969"]
[BlackElo "2124"]
[Annotator "ChessOrg"]
[PlyCount "53"]

1. e4 c6 2. d4 d5 3. Nc3 dxe4 4. Nxe4 Nf6 5. Nxf6+ gxf6 6. Be3 Bf5 7. Bd3 Bg6
8. h4 Qd5 9. f3 Nd7 10. Ne2 e5 11. h5 Bxd3 12. Qxd3 O-O-O 13. a3 Kb8 14. b4 b5
15. Nc3 Qd6 16. a4 exd4 17. Bxd4 Qg3+ 18. Bf2 Qe5+ 19. Kf1 Bxb4 20. Bd4 Qc7 21.
axb5 Nc5 22. Qc4 Bxc3 23. Qxc3 Rxd4 24. Qxd4 cxb5 25. h6 Rg8 26. Rh5 Qg3 27.
Qf2 1-0

[Event "Bad Woerishofen op"]
[Site "?"]
[Date "2003.??.??"]
[Round "9"]
[White "Ashton, Adam"]
[Black "Schmitzer, Peter"]
[Result "0-1"]
[WhiteElo "2175"]
[BlackElo "2089"]
[Annotator "ChessOrg"]
[PlyCount "92"]

1. e4 c5 2. Nf3 a6 3. c4 g6 4. Nc3 Bg7 5. d4 cxd4 6. Nxd4 Nc6 7. Be3 d6 8. Be2
Nf6 9. O-O O-O 10. Rc1 Bd7 11. Nb3 Ne5 12. f3 Rc8 13. Nd5 Nxd5 14. exd5 Ba4 15.
Qd2 b5 16. cxb5 Rxc1 17. Rxc1 Bxb5 18. f4 Bxe2 19. Qxe2 Nd7 20. Qxa6 Bxb2 21.
Rc2 Bg7 22. Qc6 Nf6 23. Bd4 Qb8 24. Qc4 Qa8 25. Bxf6 Bxf6 26. h3 Qa7+ 27. Kh2
h5 28. Nd2 Ra8 29. Ne4 Bd4 30. Ng5 Qb6 31. Nf3 Bf6 32. Qe4 Ra3 33. Rd2 Qa7 34.
Qe2 Re3 35. Qf2 Qa3 36. h4 Rd3 37. Rxd3 Qxd3 38. Qd2 Qe4 39. Kg1 Qc4 40. g3 Bc3
41. Qe3 Bb4 42. Qb3 Bc5+ 43. Kg2 Qe2+ 44. Kh1 Be3 45. Nh2 Qf2 46. Qb1 Qxg3 0-1

[Event "Bad Woerishofen op"]
[Site "?"]
[Date "2003.??.??"]
[Round "9"]
[White "Laurent, Michel"]
[Black "Jaenig, Reinhard"]
[Result "0-1"]
[WhiteElo "2012"]
[BlackElo "2168"]
[Annotator "ChessOrg"]
[PlyCount "56"]

1. b3 e5 2. Bb2 d6 3. e3 Nf6 4. Ne2 g6 5. f4 Nbd7 6. Nbc3 Bg7 7. g3 O-O 8. Bg2
c6 9. O-O Qe7 10. fxe5 Nxe5 11. Nf4 Bg4 12. Qe1 Rae8 13. Qf2 Bf5 14. Rac1 Qd7
15. Ba3 Neg4 16. Qe1 g5 17. Nh3 Nxe3 18. dxe3 Bxh3 19. Rd1 Bxg2 20. Kxg2 Ng4
21. Rd3 Re6 22. h3 Ne5 23. Rd1 g4 24. hxg4 Nxg4 25. Rd3 Rfe8 26. Nd1 Rh6 27.
Rh1 Rxh1 28. Kxh1 Ne5 0-1

[Event "Bad Woerishofen op"]
[Site "?"]
[Date "2003.??.??"]
[Round "9"]
[White "Emami, Madjid"]
[Black "Vossenkuhl, Joachim"]
[Result "1-0"]
[WhiteElo "2018"]
[BlackElo "2166"]
[Annotator "ChessOrg"]
[PlyCount "83"]

1. g3 e6 2. Bg2 d5 3. Nf3 f5 4. O-O Nf6 5. d3 b6 6. Nbd2 Bb7 7. c4 Be7 8. a3 a5
9. b3 O-O 10. Bb2 Bd6 11. Qc2 Qe7 12. Nd4 Bc5 13. e4 Bxd4 14. Bxd4 fxe4 15.
dxe4 e5 16. Bb2 d4 17. Rae1 c5 18. Qd1 Nc6 19. f4 Nd7 20. f5 a4 21. bxa4 Nd8
22. Rf2 Bc6 23. g4 Nf7 24. h3 Nd6 25. Bc1 Rxa4 26. Bf1 Raa8 27. Bd3 Kh8 28. Nf3
b5 29. cxb5 Bxb5 30. Bxb5 Nxb5 31. g5 Qf7 32. Nh4 g6 33. Ref1 Nc3 34. Qg4 Qg7
35. fxg6 hxg6 36. Qe6 Rxf2 37. Rxf2 Nf8 38. Qc6 Rb8 39. Bd2 Qh7 40. Qd6 Nd7 41.
Nxg6+ Kg8 42. Qe6+ 1-0

[Event "Bad Woerishofen op"]
[Site "?"]
[Date "2003.??.??"]
[Round "9"]
[White "Lotsov, Har-Zahar"]
[Black "Einwiller, Dieter"]
[Result "0-1"]
[WhiteElo "2039"]
[BlackElo "2153"]
[Annotator "ChessOrg"]
[PlyCount "84"]

1. e4 d5 2. exd5 Qxd5 3. Nc3 Qa5 4. d4 Nf6 5. Nf3 c6 6. Bd3 g6 7. Bd2 Qb6 8. h3
Bg7 9. O-O O-O 10. Qc1 Nbd7 11. Ne2 Re8 12. b4 e5 13. dxe5 Nxe5 14. Nxe5 Rxe5
15. Bc3 Re8 16. Qb2 Nh5 17. Bxg7 Nxg7 18. Ng3 Rd8 19. Rad1 Be6 20. Rfe1 a5 21.
b5 cxb5 22. Bxb5 Bxa2 23. Qxa2 Rxd1 24. Rxd1 Qxb5 25. Ne4 Qc6 26. Rd7 Qe6 27.
Qxe6 Nxe6 28. Rxb7 a4 29. Rb2 Nd4 30. Ra2 a3 31. Nc3 Rc8 32. Nb1 Rxc2 33. Rxa3
Rc1+ 34. Kh2 Rxb1 35. Ra4 Ne6 36. g4 g5 37. h4 Rb2 38. Kg2 gxh4 39. g5 h3+ 40.
Kg3 h2 41. Rh4 Nxg5 42. Rxh2 Ne4+ 0-1

[Event "Bad Woerishofen op"]
[Site "?"]
[Date "2003.??.??"]
[Round "9"]
[White "Galje, Hans"]
[Black "Gerstner, Bernhard"]
[Result "1/2-1/2"]
[WhiteElo "2148"]
[BlackElo "2076"]
[Annotator "ChessOrg"]
[PlyCount "22"]

1. d4 Nf6 2. c4 e6 3. Nc3 Bb4 4. e3 c5 5. Nge2 d5 6. a3 Bxc3+ 7. Nxc3 cxd4 8.
exd4 dxc4 9. Bxc4 Nc6 10. Be3 O-O 11. O-O b6 1/2-1/2

[Event "Bad Woerishofen op"]
[Site "?"]
[Date "2003.??.??"]
[Round "9"]
[White "Fahnenschmidt, Gerhard"]
[Black "Belic, Robert"]
[Result "1-0"]
[WhiteElo "2220"]
[BlackElo "1986"]
[Annotator "ChessOrg"]
[PlyCount "63"]

1. d4 Nf6 2. c4 g6 3. Nc3 Bg7 4. e4 d6 5. Be2 O-O 6. Be3 e5 7. d5 a5 8. Nf3 Na6
9. Nd2 Nc5 10. a3 b6 11. b4 axb4 12. axb4 Rxa1 13. Qxa1 Ncd7 14. Qa7 Ne8 15.
O-O f5 16. f3 f4 17. Bf2 g5 18. Qa8 Bf6 19. Nb5 Rf7 20. Ra1 Nf8 21. Na7 Bd7 22.
Qb7 h5 23. Nc6 Qc8 24. Qxc8 Bxc8 25. Ra8 Bd7 26. Nb8 Bc8 27. c5 bxc5 28. Bb5
Ng7 29. bxc5 Kh7 30. Nc4 Be7 31. Ra7 Kg6 32. Rxc7 1-0

[Event "Bad Woerishofen op"]
[Site "?"]
[Date "2003.??.??"]
[Round "9"]
[White "Mader, Sascha"]
[Black "Oud, Niek"]
[Result "1/2-1/2"]
[WhiteElo "1900"]
[BlackElo "2123"]
[Annotator "ChessOrg"]
[PlyCount "63"]

1. e4 c5 2. Nf3 Nc6 3. d4 cxd4 4. Nxd4 Nf6 5. Nc3 d6 6. f3 Qb6 7. Nb3 g6 8. Qe2
Bg7 9. Be3 Qc7 10. O-O-O O-O 11. g4 Be6 12. Nd4 Nxd4 13. Bxd4 Rfc8 14. h4 b5
15. e5 Bc4 16. Qh2 dxe5 17. Qxe5 b4 18. Qxc7 Rxc7 19. Nb5 Bxb5 20. Bxb5 e6 21.
Bd3 Nd5 22. Be4 Rac8 23. Bxg7 Kxg7 24. Rd2 Nf4 25. Rhh2 a5 26. Rd4 e5 27. Rd6
Ne6 28. Rd5 Rc5 29. Rhd2 Nd4 30. Rxc5 Rxc5 31. g5 h6 32. Rg2 1/2-1/2